[Event "Diamond Cement GM Open 2018"]
[Site "Chittagong"]
[Date "2018.09.05"]
[Round "6"]
[White "Subrota, Biswas"]
[Black "Ahmed, Sk  Nasir"]
[Result "*"]
[WhiteElo "2168"]
[BlackElo "2249"]
[Annotator "TA"]
[PlyCount "33"]
[EventDate "2018.09.02"]
[EventCountry "BAN"]
[SourceTitle "playchess.com"]
[Source "ChessBase"]
[SourceQuality "1"]

{[%evp 12,33,-7,-11,0,-6,-6,-8,-15,-37,0,-49,0,0,0,0,25,26,25,28,24,30,29,33]} 1. d4 Nf6 2. c4 e6 3. Nf3 Bb4+ 4. Nc3 c5 5. e3 O-O 6. a3 Bxc3+ 7. bxc3 {LiveBook: 5 Games} d6 {E24: Nimzo-Indian: Sämisch: Unusual Black 5th moves and 5...c5 sidelines} (7... Nc6 8. Bd3 d6 9. O-O e5 10. Qc2 Qe7 11. dxe5 Nxe5 12. Nxe5 dxe5 13. Bd2 Rd8 14. Rad1 e4 15. Be2 Bf5 16. Bc1 Ng4 17. Rd5 Rxd5 18. cxd5 {0-1 (48) Luz,A (2140)-Aranha Filho,A (2284) Caioba 2018}) 8. Be2 Nc6 9. Nd2 e5 {[%cal Re5d4] The position is equal.} 10. d5 Ne7 11. O-O Ne8 $146 ({Predecessor:} 11... Re8 12. e4 Bd7 13. Rb1 Rb8 14. Qc2 Qa5 15. Nb3 Qa4 16. Bg5 Ng6 17. f3 Nh5 {½-½ (64) Pulfer,L (1612)-Gharibyan,M (1956) Al Ain 2013}) 12. f4 exf4 13. exf4 f5 14. Nf3 {White has an edge.} Nf6 15. Bd3 Bd7 16. Re1 Re8 17. Qc2 {Precision: White = 54%, Black = 44%.} *

[Event "Diamond Cement GM Open 2018"]
[Site "Chittagong"]
[Date "2018.09.05"]
[Round "6"]
[White "Nik, Nik Ahmad Farouqi"]
[Black "Rahman, Taibur"]
[Result "0-1"]
[WhiteElo "2090"]
[BlackElo "2217"]
[Annotator "NA"]
[PlyCount "60"]
[EventDate "2018.09.02"]
[EventCountry "BAN"]
[SourceTitle "playchess.com"]
[Source "ChessBase"]
[SourceQuality "1"]

1. c4 e6 2. g3 d5 3. Bg2 Nf6 4. d4 c5 5. cxd5 exd5 6. Nf3 Nc6 7. O-O Be7 8. dxc5 Bxc5 9. Nbd2 O-O 10. Nb3 Bb6 11. Nbd4 {LiveBook: 119 Games} Re8 12. h3 {D30: Queen's Gambit Declined: Systems without Nc3} (12. b3 Bg4 13. Bb2 Ne4 14. Rc1 Rc8 15. Rc2 Qd6 16. a3 h5 17. b4 h4 18. Nxc6 Rxc6 19. Nd4 Rxc2 20. Qxc2 hxg3 21. hxg3 Nxg3 22. fxg3 Rxe2 {½-½ (29) Rakhmanov,A (2670)-Shimanov,A (2623) Sochi 2017}) 12... Ne4 13. e3 Qf6 14. b3 Qh6 $146 ({Predecessor:} 14... Nc3 15. Qd3 Nxd4 16. Nxd4 Bxd4 17. exd4 Ne2+ 18. Kh2 Bf5 {0-1 (28) Arce Balluerca,J-Knorr Jarillo,J (2215) Euskadi 1995}) 15. Kh2 {[#]} Bg4 $1 16. Qd3 Qh5 17. Nh4 Bd7 18. Bb2 Bc7 19. Nxc6 $17 (19. Kg1 $11) 19... bxc6 20. f4 Nxg3 21. Kxg3 Qg5+ 22. Kh2 Qxh4 23. Rf3 Re6 24. Raf1 Rae8 25. Bd4 Rg6 26. Qc3 Bf5 27. Qe1 Qxe1 28. Rxe1 Be4 29. Rg3 Bxg2 30. Rxg2 Bxf4+ 0-1

[Event "Diamond Cement GM Open 2018"]
[Site "Chittagong"]
[Date "2018.09.05"]
[Round "6"]
[White "Kayastha, Madan Krishna"]
[Black "Barua, Dibyendu"]
[Result "0-1"]
[WhiteElo "2077"]
[BlackElo "2443"]
[Annotator "TA"]
[PlyCount "94"]
[EventDate "2018.09.02"]
[EventCountry "BAN"]
[SourceTitle "playchess.com"]
[Source "ChessBase"]
[SourceQuality "1"]

{[%evp 15,94,4,19,8,6,8,16,11,17,0,29,-12,12,12,20,0,0,0,0,0,0,-14,0,-12,0,-10,0,-7,0,-7,0,-37,-44,-68,-49,-108,-104,-100,-103,-99,-97,-109,-106,-103,-107,-105,-88,-99,-90,-92,-94,-102,-97,-101,-88,-95,-101,-105,-105,-114,-84,-100,-106,-109,-98,-186,-193,-189,-140,-144,-137,-147,-167,-165,-155,-175,-188,-204,-150,-1035,-1247]} 1. e4 e6 2. d4 d5 3. Nc3 Nf6 4. Bg5 dxe4 5. Nxe4 Nbd7 6. Nf3 Be7 7. Nxf6+ Bxf6 8. Bxf6 Qxf6 {LiveBook: 78 Games} 9. Bb5 {C13: French: Classical System: 4 Bg5 Be7, Alekhine-Chatard Attack} a6 10. Bd3 $146 ({Predecessor:} 10. Bxd7+ Bxd7 11. Ne5 Rd8 12. Qd2 O-O 13. O-O-O Bc8 14. Qe3 Qe7 15. h4 f6 {0-1 (66) Valuet,B (2350)-Gurevich,M (2597) Cappelle-la-Grande 2010}) 10... c5 11. c3 {The position is equal.} cxd4 12. cxd4 O-O 13. Qe2 Nb6 14. O-O Nd5 15. g3 Bd7 16. Ne5 Rfd8 17. a3 Qe7 18. Rfe1 Be8 19. Qe4 g6 20. Rad1 Kg7 21. Bc4 Nf6 {[%cal Bd5f6,Bf6g8,Bg8e7][%mdl 32]} 22. Qh4 Rac8 23. Bf1 Rc2 24. b4 h6 25. Ng4 {[#]} ({Better is} 25. Qf4 $15) 25... Ng8 $1 $17 26. Qxe7 Nxe7 27. Ne5 Ra2 28. Bg2 Rxa3 29. Bxb7 Rb8 30. Nc4 Rb3 31. Bxa6 R3xb4 {aiming for ...Ra8.} 32. Ne5 Rd8 33. Bf1 Rbxd4 34. Rc1 Rc8 35. Rxc8 Nxc8 36. Rc1 Nd6 37. f4 Rd2 38. Rc7 g5 39. fxg5 hxg5 40. Nc4 (40. Bd3 $17) 40... Nxc4 $19 41. Rxc4 {[%mdl 4096] Endgame KRB-KRB} Rd1 42. Rc5 f5 43. Kf2 Rd2+ 44. Kg1 Kf6 45. Bg2 e5 46. Rc8 Ke7 47. Ra8 $2 {[#]} (47. Rc4 $17) 47... Rxg2+ $1 {[%mdl 512] Precision: White = 36%, Black = 79%.} 0-1

[Event "Diamond Cement GM Open 2018"]
[Site "Chittagong"]
[Date "2018.09.05"]
[Round "6"]
[White "Dhar-Barua, Saheli"]
[Black "S M Sharon"]
[Result "1/2-1/2"]
[WhiteElo "2027"]
[BlackElo "2163"]
[Annotator "NA"]
[PlyCount "139"]
[EventDate "2018.09.02"]
[EventCountry "BAN"]
[SourceTitle "playchess.com"]
[Source "ChessBase"]
[SourceQuality "1"]

1. e4 g6 2. d4 Bg7 3. Nc3 d6 4. Be3 Nd7 5. h4 {B06: Modern Defence} (5. Nf3 c6 6. Qd2 b5 7. Bd3 Ngf6 8. h3 O-O 9. O-O e5 10. dxe5 dxe5 11. Ne2 Nh5 12. a4 bxa4 13. Rxa4 Nb6 14. Ra5 f5 15. Nxe5 fxe4 16. Bxe4 Qc7 17. Bxb6 Qxb6 18. Bxc6 Ba6 19. Rxa6 Qxa6 20. Bxa8 Kh8 21. Qd5 Nf6 22. Nf7+ Kg8 23. Nh6+ Kh8 24. Nf7+ Kg8 {½-½ (24) Ponomariov,R (2764)-Efimenko,Z (2706) Khanty-Mansiysk 2011}) 5... h5 6. Bc4 a6 7. a4 $146 ({Predecessor:} 7. Bb3 b5 8. f3 Bb7 9. a4 b4 10. Nce2 e6 11. Qd2 a5 12. Bg5 {0-1 (29) Torres Cueto,J (2123)-Avila Pavas,S (2240) Bogota 2017}) 7... Ngf6 8. Nh3 O-O 9. f3 c6 10. Ng5 e5 11. Qd2 Qe7 12. O-O-O b5 13. Bb3 Rb8 14. g4 $2 ({White should try} 14. dxe5 $16 dxe5 15. Qd3) 14... exd4 (14... hxg4 $15 15. dxe5 Nxe5) 15. Bxd4 c5 (15... hxg4 $11 16. fxg4 bxa4 17. Nxa4 Rxb3 18. cxb3 Ne5) 16. Bxf6 ({White has to play} 16. Nd5 $16 Nxd5 17. Bxg7 Kxg7 18. Bxd5 (18. Qxd5 bxa4 19. Bxa4 Nb6 $17)) 16... Nxf6 17. gxh5 Nxh5 18. Nd5 (18. Bxf7+ $1 $11 {keeps the balance.} Rxf7 19. Nxf7 Kxf7 20. Qd5+ Be6 21. Qxd6) 18... Qe5 (18... Qb7 $17 19. c3 c4) 19. c3 b4 $16 (19... c4 $11 {keeps the balance.} 20. Bc2 Qe8) 20. cxb4 Bb7 21. f4 Qe8 22. Nc7 Qc6 23. Qxd6 c4 24. Qxc6 Bxc6 25. Bxc4 Bxa4 26. Nxa6 Rbc8 27. Nc5 Bxd1 28. Rxd1 Nxf4 29. Rd7 Ng2 30. Bxf7+ Rxf7 31. Nxf7 Nxh4 32. e5 Nf5 33. e6 Bf8 34. Kd2 Be7 35. Nh6+ Kf8 36. Nxf5 gxf5 37. Rd5 Rd8 38. Nd7+ Ke8 39. b5 Bb4+ 40. Kd3 Ke7 41. Kc4 Bd6 42. Nc5 f4 43. b6 Rf8 44. Ne4 Bb8 45. Ng5 Bd6 46. b7 Bb8 47. Rd7+ Ke8 48. Nf3 Rf6 49. Kd5 Rf5+ 50. Kc6 Rf6 51. Nd4 f3 52. Rc7 f2 53. Rc8+ Ke7 54. Rxb8 f1=Q 55. Re8+ Kxe8 56. b8=Q+ Ke7 57. Qd6+ Ke8 58. Kc7 Qc4+ 59. Qc6+ Qxc6+ 60. Kxc6 Ke7 61. b4 Rf4 62. Kd5 Rf2 63. Nc6+ Kf6 64. e7 Rf5+ 65. Kc4 Rf4+ 66. Kc5 Kf7 67. b5 Rf5+ 68. Kc4 Rf4+ 69. Kd5 Rf5+ 70. Ke4 1/2-1/2

[Event "Diamond Cement GM Open 2018"]
[Site "Chittagong"]
[Date "2018.09.06"]
[Round "7"]
[White "Lalith Babu M R"]
[Black "Mollah Abdullah, Al Rakib"]
[Result "*"]
[WhiteElo "2527"]
[BlackElo "2472"]
[Annotator "TA"]
[PlyCount "44"]
[EventDate "2018.09.02"]
[EventCountry "BAN"]
[SourceTitle "playchess.com"]
[Source "ChessBase"]
[SourceQuality "1"]

{[%evp 18,44,26,21,33,36,24,20,33,18,32,20,32,42,39,57,63,0,0,-8,-9,0,0,-12,-17,-5,-5,0,-4]} 1. d4 Nf6 2. c4 e6 3. Nf3 b6 4. g3 Bb7 5. Bg2 g6 6. O-O Bg7 {E16: Damenindisch (Hauptfortsetzung mit Lb4)} 7. Qc2 (7. Nc3 O-O 8. d5 exd5 9. cxd5 Re8 10. Nd4 c5 11. Ndb5 d6 12. Bf4 Bf8 13. a4 a6 14. Na3 Nh5 15. Bd2 Nd7 {1-0 (47) Ponomariov,R (2686)-Hou,Y (2658) Shenzhen 2018}) 7... O-O 8. Nc3 d5 9. cxd5 Nxd5 10. Bg5 {LiveBook: 3 Partien} Qc8 11. Rac1 Na6 {[%cal Bb8a6,Ba6c5,Bc5e4][%mdl 32]} 12. Qd2 $146 ({Vorgänger:} 12. Nxd5 exd5 13. Qd2 Re8 14. b4 Qd7 15. Rfe1 Rac8 {1-0 (23) Thejkumar,M (2461)-Hegde,R (2166) Bhopal 2017}) 12... Nxc3 13. Qxc3 c5 14. Qe3 Qe8 15. dxc5 Nxc5 16. b4 Ne4 17. Bf4 (17. Rc7 $14 Nxg5 18. Rxb7 Nxf3+ 19. Qxf3 (19. Bxf3 Qa4 $14)) 17... e5 $11 {Die Stellung ist ausgeglichen.} 18. Bh6 Bxh6 19. Qxh6 Qe7 20. Ng5 Nxg5 21. Bxb7 Qxb7 22. Qxg5 Qe4 {Precision: Weiß = 73%, Schwarz = 44%.} *

[Event "Diamond Cement GM Open 2018"]
[Site "Chittagong"]
[Date "2018.09.06"]
[Round "7"]
[White "Rahman, Ziaur"]
[Black "Murshed, Niaz"]
[Result "1-0"]
[WhiteElo "2477"]
[BlackElo "2408"]
[Annotator "TA"]
[PlyCount "39"]
[EventDate "2018.09.02"]
[EventCountry "BAN"]
[SourceTitle "playchess.com"]
[Source "ChessBase"]
[SourceQuality "1"]

{[%evp 11,39,0,12,0,20,5,87,48,136,128,153,158,211,208,226,210,333,347,358,341,468,457,475,430,438,431,493,462,656,656]} 1. d4 Nf6 2. Bg5 e6 3. e4 h6 4. Bxf6 Qxf6 5. c3 b6 6. Nd2 {A45: Damenbauernspiele (Trompowski-Angriff)} Bb7 {LiveBook: 9 Partien} 7. Bc4 $146 ({Vorgänger:} 7. Bd3 d6 8. Ne2 g6 9. O-O Bg7 10. f4 Qe7 11. e5 c5 12. Nc4 dxe5 13. fxe5 {0-1 (59) Torre,E (2460)-Karpov,A (2623) Platja d'Aro 2018}) 7... c5 8. d5 {Die Stellung ist ausgeglichen.} d6 (8... Na6 $11 {bleibt in der Remisbreite.}) 9. Ngf3 e5 ({Lieber} 9... exd5 $14 10. Bxd5 Bxd5 11. exd5 Qd8) 10. Bb5+ Kd8 11. b4 g5 (11... a6 $16 {war einen Versuch wert.}) 12. bxc5 $18 dxc5 13. Nc4 Kc7 (13... Bd6 {kämpft weiter.} 14. Rb1 Ke7) 14. Rb1 (14. Nfxe5 a6 $18) 14... Bd6 15. O-O Rd8 16. Qb3 {Weiß steht klar auf Gewinn.} Nd7 17. a4 {[%cal Ba2a4,Ba4a5][%mdl 32]} Rdb8 18. a5 Bc8 19. Qa2 a6 (19... Kd8 $142 20. Bc6 Bb7 21. Bxb7 Rxb7 22. axb6 Ke7) 20. Bxd7 {Precision: Weiß = 82%, Schwarz = 20%.} 1-0

[Event "Diamond Cement GM Open 2018"]
[Site "Chittagong"]
[Date "2018.09.06"]
[Round "7"]
[White "Dhulipalla Bala Chandra Prasa"]
[Black "Neelash Saha"]
[Result "1-0"]
[WhiteElo "2352"]
[BlackElo "2373"]
[Annotator "NA"]
[PlyCount "43"]
[EventDate "2018.09.02"]
[EventCountry "BAN"]
[SourceTitle "playchess.com"]
[Source "ChessBase"]
[SourceQuality "1"]

{[%evp 17,42,-29,-5,-7,-28,-9,32767,32767,32767,-11,-13,-6,117,125,129,122,148,153,192,189,396,387,388,445,623,568,640]} 1. d4 Nf6 2. c4 e6 3. g3 d5 4. Nf3 dxc4 5. Bg2 Bd7 6. Ne5 Bc6 7. Nxc6 Nxc6 8. O-O Qd7 {E04: Open Catalan: 5 Nf3} 9. Qa4 (9. e3 Rd8 10. Qe2 e5 11. Qxc4 exd4 12. Qb5 Rb8 13. Rd1 a6 14. Qf1 Bd6 15. exd4 O-O 16. Bh3 {½-½ (76) Tomashevsky,E (2722)-Bu,X (2698) Novi Sad 2016}) 9... Nxd4 10. Qxc4 {LiveBook: 13 Games} c5 11. Nc3 Rd8 12. a4 Nd5 13. Nb5 Nb6 14. Qd3 Nxa4 $146 (14... Nc6 $11 {keeps the balance.}) ({Predecessor:} 14... Be7 15. Nxd4 cxd4 16. Qe4 {0-1 (90) Golubenko,V (2271)-Cramling,P (2452) Riga 2017}) 15. Nxd4 cxd4 {[#]} 16. Qc2 $1 Nc5 17. Rxa7 Qd6 (17... Qb5 $2) (17... d3 $16 18. exd3 Qxd3 19. Qxd3 Nxd3) 18. b4 Qb6 $18 {[#]} (18... Nd7 19. Ba3 (19. Bxb7 Qb6 $16) 19... Be7) 19. Qa2 $1 Qxb4 20. Bg5 Be7 21. Rb1 Qc3 22. Bd2 1-0

[Event "Diamond Cement GM Open 2018"]
[Site "Chittagong"]
[Date "2018.09.06"]
[Round "7"]
[White "Mohammad Minhaz Uddin"]
[Black "Barua, Dibyendu"]
[Result "*"]
[WhiteElo "2328"]
[BlackElo "2443"]
[Annotator "NA RC"]
[PlyCount "29"]
[EventDate "2018.09.02"]
[EventCountry "BAN"]
[SourceTitle "playchess.com"]
[Source "ChessBase"]
[SourceQuality "1"]

1. e4 e6 2. d4 d5 3. Nd2 Nf6 4. e5 Nfd7 5. Bd3 c5 6. c3 Nc6 7. Ne2 cxd4 8. cxd4 f6 9. exf6 Qxf6 10. Nf3 h6 11. O-O Bd6 12. Be3 O-O 13. Rc1 e5 14. Nc3 Nb6 $14 15. dxe5 *

[Event "Diamond Cement GM Open 2018"]
[Site "Chittagong"]
[Date "2018.09.06"]
[Round "7"]
[White "Islam, Kh  Aminul"]
[Black "Md., Sharif Hossain"]
[Result "*"]
[WhiteElo "2273"]
[BlackElo "2182"]
[Annotator "NA"]
[PlyCount "106"]
[EventDate "2018.09.02"]
[EventCountry "BAN"]
[SourceTitle "playchess.com"]
[Source "ChessBase"]
[SourceQuality "1"]

1. Nf3 Nf6 2. c4 c5 3. Nc3 Nc6 4. e3 d6 {A34: Symmetrical English: 2 Nc3, lines with ...d5} (4... e6 5. d4 d5 6. a3 a6 7. dxc5 Bxc5 8. b4 Bd6 9. Bb2 O-O 10. cxd5 exd5 11. Be2 Be6 12. O-O a5 13. Nb5 Be7 14. bxa5 Nxa5 15. Nfd4 Bd7 16. Bc3 Nc6 17. a4 Ne4 18. Bb2 Nc5 19. Bf3 Ne5 20. Be2 {½-½ (43) Caruana,F (2816)-Anand,V (2759) Paris 2018}) 5. d4 Bf5 6. Be2 h6 7. O-O g5 8. b3 (8. d5 $16 Nb8 9. Bd3 Bxd3 10. Qxd3) 8... Bg7 9. Bb2 O-O $11 10. Bd3 $146 ({Predecessor:} 10. Qd2 Bg6 11. Rad1 cxd4 12. exd4 {1-0 (27) Ornstein,A-Fridh,A Bollnas 1973}) 10... Bg4 11. Be2 Qd7 12. d5 Nb4 13. Qd2 Bf5 14. a3 Na6 15. Bd3 Bg4 16. Ne1 Bh5 17. f4 Ng4 (17... Bg6 $16 18. fxg5 hxg5) 18. Kh1 gxf4 19. exf4 f5 20. Nf3 Bg6 21. Rae1 Nc7 22. Re2 a6 23. Rfe1 Rae8 $18 24. a4 e6 25. dxe6 Rxe6 26. Rxe6 Nxe6 27. Nd5 Bxb2 28. Qxb2 Qg7 29. Qxg7+ Nxg7 30. Kg1 Bh7 31. Nh4 Nf6 32. Ne7+ Kf7 33. Nhxf5 Ne6 34. g3 Re8 35. Nc8 Kf8 36. Ncxd6 Nd4 37. Nxe8 Nf3+ 38. Kf1 Bxf5 39. Bxf5 Nxe8 40. Re3 Nd4 41. Bb1 Nf6 42. h3 b6 43. Kf2 Kf7 44. g4 Ng8 45. Kg3 Ne7 46. Be4 a5 47. f5 Kf6 48. Kf4 Nc8 49. h4 Nd6 50. g5+ Kg7 51. f6+ Kf7 52. Ke5 Nxe4 53. Kxe4 Kg6 *

[Event "Diamond Cement GM Open 2018"]
[Site "Chittagong"]
[Date "2018.09.06"]
[Round "7"]
[White "Mohammad Fahad, Rahman"]
[Black "Anata, Choudhury"]
[Result "1-0"]
[WhiteElo "2263"]
[BlackElo "2109"]
[Annotator "NA"]
[PlyCount "89"]
[EventDate "2018.09.02"]
[EventCountry "BAN"]
[SourceTitle "playchess.com"]
[Source "ChessBase"]
[SourceQuality "1"]

1. e4 c5 2. Nf3 d6 3. d4 cxd4 4. Nxd4 Nf6 5. Nc3 a6 6. Be3 e5 7. Nb3 Be6 8. f3 h5 9. Qd2 Nbd7 10. Nd5 {B90: Sicilian Najdorf: Unusual White 6th moves, 6 Be3 Ng4 and 6 Be3 e5} Bxd5 11. exd5 g6 12. Be2 Bg7 13. O-O b6 (13... a5 14. a4 O-O 15. Bb5 Qc7 16. c4 b6 17. h3 Nc5 18. Nxc5 bxc5 {½-½ (49) Carlsen,M (2842)-Vachier Lagrave,M (2779) Biel 2018}) 14. c4 O-O 15. Rac1 Re8 16. Na1 {[#]} Nh7 $146 ({Predecessor:} 16... e4) 17. Nc2 Bf6 18. Nb4 Bg5 19. Nc6 $11 Qf6 20. b4 a5 21. bxa5 bxa5 22. Bd3 Bxe3+ 23. Qxe3 Nc5 24. Rb1 Nf8 25. Rb5 Qf4 26. Re1 a4 27. g3 Qf6 28. Bf1 Nfd7 29. Bh3 Kg7 30. Rf1 h4 31. Kg2 Nf8 32. Rxc5 dxc5 33. Qxc5 Nh7 34. d6 Ng5 35. Bg4 Ne6 36. Qd5 hxg3 37. hxg3 Nd4 38. f4 Nxc6 39. Qxc6 Rab8 40. Qd5 Rb2+ 41. Kg1 exf4 42. d7 Qc3 43. dxe8=N+ Kf8 44. Qd6+ Kg8 45. Qxf4 1-0

[Event "Diamond Cement GM Open 2018"]
[Site "Chittagong"]
[Date "2018.09.06"]
[Round "7"]
[White "Rahman, Taibur"]
[Black "Abu Sufian, Shakil"]
[Result "1-0"]
[WhiteElo "2217"]
[BlackElo "2247"]
[Annotator "NA"]
[PlyCount "69"]
[EventDate "2018.09.02"]
[EventCountry "BAN"]
[SourceTitle "playchess.com"]
[Source "ChessBase"]
[SourceQuality "1"]

1. d4 e6 2. c4 Nf6 3. Nc3 c5 4. d5 exd5 5. cxd5 d6 6. e4 g6 7. f4 a6 {A66: Modern Benoni: Mikenas Attack} (7... Bg7 8. Bb5+ Nfd7 9. Bd3 Qh4+ 10. g3 Qe7 11. Nf3 O-O 12. O-O Na6 13. Re1 Nc7 14. Kg2 b5 15. e5 c4 16. Bc2 Bb7 17. Ne4 Ne8 18. Be3 {½-½ (42) Van Wely,L (2674)-Ernst,S (2546) Amsterdam 2018}) 8. e5 Nfd7 9. Nf3 Bg7 {[#]} 10. Ne4 $1 dxe5 11. Nd6+ Kf8 {[#]} 12. Ng5 $1 exf4 13. Ngxf7 $146 ({Predecessor:} 13. Ndxf7 Qe7+ 14. Be2 Ne5 15. Nxh8 Qxg5 {½-½ (35) Fedorowicz,J (2440)-Henley,R Lone Pine,CA 1977}) 13... Qh4+ 14. g3 fxg3 15. Bg5 Qb4+ 16. Qd2 Ne5 17. Qxb4 cxb4 18. Nxe5 Bxe5 19. Nxc8 Nd7 20. Rc1 Kf7 21. Bh3 g2 22. Rg1 $18 Raxc8 23. Bxd7 Rxc1+ 24. Bxc1 Ke7 25. Be6 Bxh2 26. Rxg2 Be5 27. Ke2 Rf8 28. Rf2 Rxf2+ 29. Kxf2 a5 30. b3 b5 31. Kf3 a4 32. Ke4 Bc3 33. Bg5+ Kd6 34. Bg8 axb3 35. axb3 {Kxd5+ [%clk 0:00:00]} 1-0

[Event "Diamond Cement GM Open 2018"]
[Site "Chittagong"]
[Date "2018.09.06"]
[Round "7"]
[White "Mohammed Abdul, Malek"]
[Black "S M Sharon"]
[Result "1-0"]
[WhiteElo "2186"]
[BlackElo "2163"]
[Annotator "NA"]
[PlyCount "99"]
[EventDate "2018.09.02"]
[EventCountry "BAN"]
[SourceTitle "playchess.com"]
[Source "ChessBase"]
[SourceQuality "1"]

1. d4 g6 2. e4 Bg7 3. Nf3 d6 4. Bc4 a6 5. O-O b5 {B06: Modern Defence} 6. Bb3 Nc6 $146 ({Predecessor:} 6... Bb7 7. Re1 e6 8. a4 Nd7 9. Bg5 Ne7 10. axb5 axb5 11. Rxa8 Qxa8 12. d5 Nc5 13. Nd4 {0-1 (43) Kramnik,V (2801)-Carlsen,M (2835) Moscow 2012}) 7. Bd5 (7. a4 $16 b4 8. c3) 7... Bd7 8. c3 Nf6 9. Bxf7+ Kxf7 10. e5 $1 Ne4 {[#]} 11. e6+ $1 Bxe6 12. d5 Bf5 13. dxc6 Rf8 14. Nd4 Kg8 15. a4 Rb8 16. axb5 axb5 17. Qe2 Nc5 18. Nxf5 Rxf5 19. Ra7 b4 $18 (19... d5 $11 {and Black has nothing to worry.}) 20. Qc4+ Kh8 21. cxb4 Ra8 22. Rxa8 Qxa8 23. bxc5 Rxc5 24. Qe6 Bf6 25. Be3 Rxc6 26. Nc3 Qg8 27. Qxg8+ Kxg8 28. Nd5 Kf7 29. Nxf6 Kxf6 30. Rc1 Rxc1+ 31. Bxc1 Ke5 32. Kf1 Kd4 33. Ke2 Kc4 34. f4 Kb3 35. g4 e6 36. h4 Kc2 37. Be3 Kxb2 38. Ba7 c5 39. Bb6 c4 40. Bd4+ Kc2 41. Bf6 d5 42. Ke3 Kd1 43. Bc3 Kc2 44. Kd4 Kb3 45. Bd2 Kc2 46. Ba5 Kb3 47. f5 gxf5 48. gxf5 exf5 49. Kxd5 Kc2 50. Kxc4 1-0

[Event "Diamond Cement GM Open 2018"]
[Site "Chittagong"]
[Date "2018.09.06"]
[Round "7"]
[White "Mehdi Hasan Parag"]
[Black "Rahman, Syed Mahfuzur"]
[Result "1/2-1/2"]
[WhiteElo "2180"]
[BlackElo "2201"]
[Annotator "NA"]
[PlyCount "109"]
[EventDate "2018.09.02"]
[EventCountry "BAN"]
[SourceTitle "playchess.com"]
[Source "ChessBase"]
[SourceQuality "1"]

1. e4 e5 2. Nf3 d6 3. Bc4 Be7 4. d3 Nf6 5. O-O O-O 6. h3 {C24: Bishop's Opening: 2...Nf6} (6. Re1 Nc6 7. a4 Bg4 8. h3 Bh5 9. Nbd2 Nd4 10. g4 Nxf3+ 11. Qxf3 Bg6 12. Qg3 d5 13. exd5 Nxd5 14. Nf3 f6 15. Nxe5 fxe5 16. Qxe5 Bf7 17. Bxd5 Bxd5 18. Qxe7 Rf3 19. Qxd8+ Rxd8 20. Re5 Rxh3 21. Rh5 {½-½ (21) Wei,Y (2725)-Bu,X (2711) Ho Chi Minh City 2017}) 6... h6 7. a4 a5 $146 ({Predecessor:} 7... c6 8. Ba2 Nbd7 9. Re1 Nc5 10. c3 a5 11. Be3 Ne6 {1-0 (35) Juanes,M-Biancosino,R (2205) Buenos Aires 1992}) 8. Re1 c6 9. Nc3 Re8 10. Bb3 Nbd7 11. Be3 Nf8 12. d4 Qc7 13. d5 Ng6 14. Qd2 Bf8 15. Bc4 Bd7 16. Bf1 Rac8 17. g3 Nh7 18. g4 Be7 19. Rad1 Qd8 20. dxc6 bxc6 21. b3 {[#]} (21. Bc5 $1 $15) 21... Be6 $17 (21... d5 $1 $19 {[%mdl 512]} 22. Ne2 (22. exd5 $2 Bb4 $17) 22... Nf6) 22. Bg2 Qc7 23. Qe2 Red8 24. Qa6 Rb8 25. Re2 (25. Bd2 $17 {might work better.}) 25... Bc8 26. Qd3 Ra8 27. Qd2 Ba6 28. Ree1 d5 29. exd5 Bb4 30. Nh2 Nf6 31. g5 cxd5 32. gxf6 Bxc3 33. Bb6 Bxd2 34. Bxc7 Bxe1 35. Bxd8 Rxd8 36. Rxe1 gxf6 37. Ng4 Kg7 38. Ne3 Nh4 39. c3 f5 40. Rd1 Bb7 41. Bxd5 f4 42. Bxb7 fxe3 43. Re1 Rd7 44. Ba8 Rd8 45. Bb7 Rd7 46. Bc6 Rd6 47. Ba8 Rd8 48. Bb7 Rd7 49. Ba8 Rd8 50. Bb7 Rd7 51. Ba8 Rd8 52. Bh1 exf2+ 53. Kxf2 Rd3 54. Re3 {Rd2+Ke1 [%clk 0:00:00] Rb2 [%clk 0:00:00] Bd5 [%clk 0:00:00]} f6 55. Re2 1/2-1/2

[Event "Diamond Cement GM Open 2018"]
[Site "Chittagong"]
[Date "2018.09.06"]
[Round "7"]
[White "Nik, Nik Ahmad Farouqi"]
[Black "Subrota, Biswas"]
[Result "0-1"]
[WhiteElo "2090"]
[BlackElo "2168"]
[Annotator "NA"]
[PlyCount "64"]
[EventDate "2018.09.02"]
[EventCountry "BAN"]
[SourceTitle "playchess.com"]
[Source "ChessBase"]
[SourceQuality "1"]

{[%evp 18,64,72,52,97,-25,-63,-12,0,-235,-263,-316,-331,-335,-365,-339,-373,-406,-415,-413,-429,-476,-478,-586,-587,-565,-619,-572,-600,-575,-615,-630,-664,-937,-747,32767,32767,32767,32767,-955,-1035,-2541,-29985,-29987,-29989,-29990,-29991,-29991,-29992]} 1. e4 c5 2. Nf3 g6 3. Bc4 Nc6 4. O-O Bg7 5. c3 e6 6. d4 cxd4 {B27: Sicilian: 2 Nf3, unusual Black 2nd moves} 7. Nxd4 a6 (7... Nxd4 8. cxd4 d5 9. exd5 exd5 10. Bb5+ Bd7 11. Re1+ Ne7 12. Qa4 Bxb5 13. Qxb5+ Qd7 14. Qb4 {0-1 (32) David,A (2631)-Guseinov,G (2602) Marrakesh 2010}) 8. Nxc6 bxc6 9. Qd6 Ne7 $146 ({Predecessor:} 9... Qe7 10. Qc7 {½-½ (10) Goncalves,I (2100)-Gotz,K (1975) Sao Paulo 2012}) 10. Bg5 h6 11. Bh4 ({Better is} 11. Be3 $16) 11... Nf5 $1 12. exf5 Qxh4 13. fxe6 $2 ({White should try} 13. Bxe6 $15 fxe6 14. fxe6) 13... Qxc4 14. exd7+ Bxd7 15. Na3 {[#]} Qd5 $1 16. Qc7 Be6 17. Rfd1 Qc5 18. b4 Be5 ({Resist} 18... Qxc3 19. Rac1 $19) 19. Qb7 Ra7 $19 20. Qxf7+ Kxf7 21. bxc5 Bxc3 22. Rab1 Bxa2 23. Rb6 Bd5 24. Nc2 a5 25. Ne3 Rd8 26. Rxc6 Bxc6 27. Rxd8 a4 28. Nc2 a3 29. f3 a2 30. Rd3 Ba4 31. Rxc3 Bxc2 32. Rxc2 a1=Q+ 0-1